| 000 | 00727nam a22001937a 4500 | ||
|---|---|---|---|
| 005 | 20150717152758.0 | ||
| 010 | _aB-598025 | ||
| 020 |
_a9789384175061 _c350.00 |
||
| 035 | _aB-598025 | ||
| 037 |
_adpl _bAakar Books/Ven |
||
| 082 | _a050 | ||
| 245 |
_aCompetition Success Review Year Book 2015/ _cedited by Surendra Kumar Sachdeva |
||
| 260 |
_aNew Delhi _bCompetition Review Pvt.Ltd. _cc2015 |
||
| 270 |
_a604 Prabhat Kiran, Rajendra Place, _bNew Delhi _e110008 |
||
| 300 |
_a1000p.: _bill. _c18cm(pbk) |
||
| 500 | _aincluded latest political map of India | ||
| 942 |
_2ddc _cEN _h050 _mCOM |
||
| 999 |
_c95055 _d95055 |
||